Гидротехнические сооружения ТЭС и АЭС: учебное пособие

Detalles Bibliográficos
Autor Principal: Богославчик П. М. Петр Михайлович
Outros autores: Круглов Г. Г. Георгий Георгиевич
Summary:Изложены основы конструирования, проектирования и расчетов гидротехнических сооружений предназначенных для водоснабжения тепловых и атомных электростанций. По наиболее сложным расчетам, которые выполняются студентами в курсовых - дипломных проектах, приведены примеры. В приложениях представлен справочный материал, необходимый для этих расчетов . Для студентов вузов, обучающихся по специальности «Строительство тепловых и атомных электростанций».
Idioma:ruso
Publicado: Минск, Вышэйшая школа, 2010
Subjects:
Formato: MixedMaterials Libro
KOHA link:https://koha.lib.tpu.ru/cgi-bin/koha/opac-detail.pl?biblionumber=190196

MARC

LEADER 00000nam0a2200000 4500
001 190196
005 20231101224252.0
010 |a 9789850619198 
035 |a (RuTPU)RU\TPU\book\207088 
090 |a 190196 
100 |a 20110118d2010 m y0rusy50 ca 
101 0 |a rus 
102 |a BY 
105 |a a j 001zy 
200 1 |a Гидротехнические сооружения ТЭС и АЭС  |e учебное пособие  |f П. М. Богославчик, Г. Г. Круглов 
210 |a Минск  |c Вышэйшая школа  |d 2010 
215 |a 270 с.  |c ил. 
320 |a Библиогр.: с. 265. 
330 |a Изложены основы конструирования, проектирования и расчетов гидротехнических сооружений предназначенных для водоснабжения тепловых и атомных электростанций. По наиболее сложным расчетам, которые выполняются студентами в курсовых - дипломных проектах, приведены примеры. В приложениях представлен справочный материал, необходимый для этих расчетов . Для студентов вузов, обучающихся по специальности «Строительство тепловых и атомных электростанций». 
606 1 |a Тепловые электрические станции  |x Водное хозяйство  |2 stltpush  |3 (RuTPU)RU\TPU\subj\59604  |9 77114 
606 1 |a Атомные электростанции  |2 stltpush  |3 (RuTPU)RU\TPU\subj\29788  |9 53050 
610 1 |a водоснабжение 
610 1 |a водохранилища 
610 1 |a водные ресурсы 
610 1 |a гидротехнические сооружения 
610 1 |a проектирование 
610 1 |a речные гидроузлы 
610 1 |a водоподпорные сооружения 
610 1 |a плотины 
610 1 |a грунтовые плотины 
610 1 |a земляные плотины 
610 1 |a напорные гидроузлы 
610 1 |a бетонные плотины 
610 1 |a водосбросы 
610 1 |a открытые водосбросы 
610 1 |a закрытые водосбросы 
610 1 |a каналы 
610 1 |a водозаборные сооружения 
610 1 |a учебные пособия 
675 |a 621.311.22:628(075.8)  |v 3 
675 |a 621.311.25:621.039(075.8)  |v 3 
700 1 |a Богославчик  |b П. М.  |g Петр Михайлович 
701 1 |a Круглов  |b Г. Г.  |g Георгий Георгиевич 
801 1 |a RU  |b 63413507  |c 20110118 
801 2 |a RU  |b 63413507  |c 20150605  |g RCR 
942 |c BK 
959 |a 5/20110118  |d 5  |e 795,30  |f ЧЗТЛ:1  |f УФ:4